000 00735nam a2200217Ia 4500
003 GCL
008 140319s9999 xx 000 0 ara d
040 _aGCL /
_cGCL
082 0 4 _aق
_b382.956
_bن ط
100 1 _aنعيم زكى فهمى
245 1 0 _aطرق التجارة الدولية ومحطاتها بين الشرق والغرب اواخر العصور الوسطى /
_cنعيم زكى فهمى
300 _a499 ص
490 _a
650 0 4 _aتاريخ
650 0 4 _aالعلاقات الاقتصادية الدولية
650 0 4 _aالتجارة الخارجية
650 0 4 _aالعصور الوسطى
650 0 4 _aالتجارة البحرية
650 0 4 _aالطرق التجارية
942 _2ddc
_cBK
999 _c38732
_d38732